TENWEK HOSP HOME | SOC  | ASK A LIBRARIANSTAFF LOGIN  |  DIGITAL REPOSITORYe-BOOK PORTAL  |  OFF-CAMPUS PORTAL  |  DONATE

Pediatrics for parents : (Record no. 3479)

MARC details
000 -LEADER
fixed length control field 01137cam a2200325 a 4500
001 - CONTROL NUMBER
control field 4713698
003 - CONTROL NUMBER IDENTIFIER
control field Ke-BoTe
005 - DATE AND TIME OF LATEST TRANSACTION
control field 20220602084357.0
008 - FIXED-LENGTH DATA ELEMENTS--GENERAL INFORMATION
fixed length control field 830310s1983 nyua 001 0 eng
010 ## - LIBRARY OF CONGRESS CONTROL NUMBER
LC control number 83004112
020 ## - INTERNATIONAL STANDARD BOOK NUMBER
International Standard Book Number 0452254590 (pbk.) :
Terms of availability $9.95 ($11.95 Can.)
020 ## - INTERNATIONAL STANDARD BOOK NUMBER
International Standard Book Number 0801619785 (Mosby : pbk.) :
Terms of availability $9.95 ($11.95 Can.)
040 ## - CATALOGING SOURCE
Original cataloging agency DLC
Transcribing agency DLC
Modifying agency DLC
050 00 - LIBRARY OF CONGRESS CALL NUMBER
Classification number RJ61
Item number .P33 1983
060 ## - NATIONAL LIBRARY OF MEDICINE CALL NUMBER
Classification number WS 100 P3706
082 00 - DEWEY DECIMAL CLASSIFICATION NUMBER
Classification number 618.92
Edition number 19
245 00 - TITLE STATEMENT
Title Pediatrics for parents :
Remainder of title a guide to child health /
Statement of responsibility, etc. H. Winter Griffith ... [et al.].
260 ## - PUBLICATION, DISTRIBUTION, ETC.
Place of publication, distribution, etc. New York, N.Y. :
Name of publisher, distributor, etc. New American Library ;
Place of publication, distribution, etc. St. Louis, Mo. :
Name of publisher, distributor, etc. Mosby,
Date of publication, distribution, etc. c1983.
300 ## - PHYSICAL DESCRIPTION
Extent xi, 292 p. :
Other physical details ill. ;
Dimensions 24 cm.
440 #0 - SERIES STATEMENT/ADDED ENTRY--TITLE
Title Mosby medical library
9 (RLIN) 6487
500 ## - GENERAL NOTE
General note "A Plume book."
500 ## - GENERAL NOTE
General note Includes index.
650 #0 - SUBJECT ADDED ENTRY--TOPICAL TERM
Topical term or geographic name entry element Children
General subdivision Diseases.
9 (RLIN) 7393
650 #0 - SUBJECT ADDED ENTRY--TOPICAL TERM
Topical term or geographic name entry element Children
General subdivision Health and hygiene.
9 (RLIN) 7394
650 #0 - SUBJECT ADDED ENTRY--TOPICAL TERM
Topical term or geographic name entry element Pediatrics
General subdivision Popular works.
9 (RLIN) 7395
650 #2 - SUBJECT ADDED ENTRY--TOPICAL TERM
Topical term or geographic name entry element Pediatrics
General subdivision Popular works.
9 (RLIN) 7395
700 1# - ADDED ENTRY--PERSONAL NAME
Personal name Griffith, H. Winter
Fuller form of name (Henry Winter),
Dates associated with a name 1926-1993.
9 (RLIN) 7396
906 ## - LOCAL DATA ELEMENT F, LDF (RLIN)
a 7
b cbc
c orignew
d 1
e ocip
f 19
g y-gencatlg
942 ## - ADDED ENTRY ELEMENTS (KOHA)
Source of classification or shelving scheme Library of Congress Classification
Koha item type Books
Suppress in OPAC No
Holdings
Withdrawn status Lost status Source of classification or shelving scheme Damaged status Not for loan Collection code Home library Current library Shelving location Date acquired Total Checkouts Full call number Barcode Date last seen Price effective from Koha item type
    Library of Congress Classification     Non-fiction SCHOOL OF HEALTH SCIENCES SCHOOL OF HEALTH SCIENCES General Stacks 02.06.2022   RJ161.P33 1983 00003146 02.06.2022 02.06.2022 Books